[Event "Leibniz - Hettstedt"]
[Site "Internet Schulschachpokal"]
[Date "2004.01.23"]
[Round "2"]
[White "Mabi (Martin Bilsing)"]
[Black "heinzelmännchen (Alexander Hildebrand)"]
[Result "1-0"]
[WhiteElo "1756"]
[BlackElo "1284"]
[PlyCount "161"]
[EventDate "2003.11.19"]

1. e4 c5 2. Nf3 Nc6 3. d4 e6 4. Nc3 cxd4 5. Nxd4 Nf6 6. Bb5 Bb4 7. O-O Bxc3 8.
bxc3 Nxe4 9. Qd3 Nd6 10. Bxc6 dxc6 11. Rd1 Qc7 12. Ba3 c5 13. Nxe6 Bxe6 14.
Qxd6 Qxd6 15. Rxd6 b6 16. Re1 Ke7 17. Rd2 Rhd8 18. Bc1 Rxd2 19. Bxd2 Rd8 20.
Bf4 Rd5 21. g3 Rf5 22. a3 Kd7 23. Bb8 a6 24. Be5 g6 25. f4 f6 26. g4 fxe5 27.
gxf5 Bxf5 28. fxe5 Bxc2 29. Re2 Bd3 30. Rf2 Ke6 31. Rf6+ Kxe5 32. Rxb6 Kd5 33.
Rb7 h5 34. Kf2 Kc4 35. Ke3 Kxc3 36. Rb6 Kc2 37. Rd6 c4 38. Rxa6 c3 39. Rd6 Bf5
40. Rc6 Kb3 41. a4 c2 42. Kd2 Kxa4 43. Kc1 Kb5 44. Rc7 Kb6 45. Rc3 Kb5 46. Rc7
Kb4 47. Rc6 Kb3 48. Rc5 Kb4 49. Rc7 h4 50. Rc6 h3 51. Rc7 Kb3 52. Rc5 Kb4 53.
Rc7 Kb5 54. Rc3 Kb6 55. Rc4 g5 56. Kd2 g4 57. Rf4 Bd7 58. Kxc2 Kc5 59. Kd2 Kd5
60. Ke3 Ke5 61. Rb4 Kf5 62. Kf2 Kg5 63. Kg3 Bf5 64. Rb5 Kf6 65. Kf4 Be6 66. Rb6
Kf7 67. Rb7+ Kf6 68. Rb6 Kf7 69. Ke5 Bd7 70. Rb7 Ke7 71. Rb6 Bc8 72. Rh6 Kf7
73. Kf4 Kg7 74. Rc6 g3 75. Kxg3 Bf5 76. Kf4 Be6 77. Rxe6 Kf7 78. Re3 Kg7 79.
Rxh3 Kg6 80. Rg3+ Kf6 81. h4 1-0

[Event "Leibniz - Hettstedt"]
[Site "Internet Schulschachpokal"]
[Date "2004.01.23"]
[Round "3"]
[White "heinzelmännchen (Alexander Hildebrand)"]
[Black "fmschach (Falk Matiebe)"]
[Result "0-1"]
[WhiteElo "1281"]
[BlackElo "1692"]
[PlyCount "120"]
[EventDate "2003.11.19"]

1. e4 c5 2. Nf3 Nc6 3. Nc3 e6 4. Bb5 a6 5. Ba4 b5 6. Bb3 c4 7. Bxc4 bxc4 8. Qe2
Nf6 9. Qxc4 Be7 10. O-O O-O 11. d3 Bb7 12. Bf4 Rc8 13. Qb3 Na5 14. Qa4 d5 15.
e5 Nd7 16. d4 Bc6 17. Nb5 Bxb5 18. Qxb5 axb5 19. b3 Qb6 20. a4 bxa4 21. bxa4
Rxc2 22. Rab1 Qc6 23. Bg5 Bxg5 24. Nxg5 h6 25. Nh3 Qb6 26. Rxb6 Nxb6 27. Nf4
Rfc8 28. h3 Rc1 29. Rxc1 Rxc1+ 30. Kh2 Nxa4 31. Ne2 Rc2 32. Nf4 Nc4 33. f3 Ne3
34. Kg3 Nb2 35. Kh4 g5+ 36. Kg3 gxf4+ 37. Kxf4 Nxg2+ 38. Kg3 Nd3 39. f4 Ndxf4
40. h4 Rc4 41. h5 Rxd4 42. Kg4 Kg7 43. Kg3 Rd2 44. Kf3 Rd3+ 45. Kf2 Rh3 46. Kf1
Ne3+ 47. Kg1 Nf5 48. Kf2 Rxh5 49. Kf3 Rg5 50. Kxf4 Rg6 51. Kf3 h5 52. Kf4 h4
53. Kf3 h3 54. Kf4 h2 55. Kf3 Nd4+ 56. Ke3 Nc2+ 57. Kd3 h1=Q 58. Kxc2 Rg3 59.
Kd2 Qh2+ 60. Ke1 Rg1# 0-1

[Event "Leibniz - Hettstedt"]
[Site "Internet Schulschachpokal"]
[Date "2004.01.23"]
[Round "3"]
[White "aikidomisca50 (Mischa Panchenko)"]
[Black "Mabi (Martin Bilsing)"]
[Result "0-1"]
[WhiteElo "1214"]
[BlackElo "1760"]
[PlyCount "160"]
[EventDate "2003.11.19"]

1. e4 c5 2. c3 d6 3. d4 cxd4 4. cxd4 g6 5. Nc3 Bg7 6. Nf3 Nf6 7. Be2 Nc6 8. d5
Nb8 9. O-O Bg4 10. Be3 Nbd7 11. Rc1 O-O 12. Qd2 a6 13. Rc2 Bxf3 14. Bxf3 Rc8
15. Rfc1 Ne5 16. Be2 Nc4 17. Bxc4 Rxc4 18. f3 Qb8 19. Ne2 Rxc2 20. Qxc2 Re8 21.
Qc7 Bf8 22. Bb6 Qa8 23. Nd4 Rb8 24. Nb3 Ne8 25. Qc4 Nf6 26. Qc7 Ne8 27. Qd7 Nf6
28. Qh3 Re8 29. Na5 Nh5 30. Rc7 Rb8 31. Qd7 Nf6 32. Qa4 Ne8 33. Rc2 Rc8 34. Kf1
Rxc2 35. Qxc2 Qb8 36. Qc4 Nf6 37. Qc7 Qxc7 38. Bxc7 b5 39. Nc6 Nd7 40. Nb4 Nc5
41. Bb6 e6 42. dxe6 fxe6 43. Bxc5 dxc5 44. Nxa6 Bd6 45. g3 Kf7 46. Ke2 Ke7 47.
f4 Kd7 48. e5 Be7 49. a3 Kc8 50. b4 c4 51. g4 Kb7 52. Nc5+ Bxc5 53. bxc5 Kc6
54. Kd2 Kxc5 55. Kc3 Kd5 56. Kb4 Ke4 57. Kxb5 c3 58. a4 c2 59. a5 c1=Q 60. a6
Qb2+ 61. Kc6 Qb8 62. Kd7 Kxf4 63. Kxe6 Qa7 64. Kf6 Qxa6+ 65. e6 Qa8 66. e7 Qe8
67. g5 Kg4 68. h4 Kxh4 69. Ke6 Kxg5 70. Kd6 h5 71. Ke6 Qxe7+ 72. Kxe7 h4 73.
Kf7 h3 74. Ke6 h2 75. Ke5 h1=Q 76. Ke6 Qe1+ 77. Kf7 Kf5 78. Kg7 g5 79. Kh6 g4
80. Kh5 Qh1# 0-1

[Event "Leibniz - Hettstedt"]
[Site "Internet Schulschachpokal"]
[Date "2004.01.23"]
[Round "3"]
[White "debodo (Dennes Abel)"]
[Black "cookie (Sandra Krege)"]
[Result "0-1"]
[WhiteElo "1935"]
[BlackElo "1993"]
[PlyCount "110"]
[EventDate "2003.11.19"]

1. d4 Nf6 2. c4 e6 3. Nf3 b6 4. g3 Bb4+ 5. Bd2 Bxd2+ 6. Nbxd2 Bb7 7. Bg2 O-O 8.
O-O c5 9. Nb3 cxd4 10. Nbxd4 Nc6 11. b3 Qe7 12. Ne5 Rac8 13. Nb5 d5 14. Nxc6
Bxc6 15. Nd4 Bb7 16. cxd5 Nxd5 17. Qd2 Rfd8 18. Rac1 Rxc1 19. Rxc1 e5 20. Nf5
Qf6 21. Ne3 Nf4 22. Qc2 Bxg2 23. Nxg2 Nh3+ 24. Kh1 Qxf2 25. e4 Qxc2 26. Rxc2
Rd1+ 27. Ne1 Rxe1+ 28. Kg2 g6 29. Kxh3 Rxe4 30. Rc8+ Kg7 31. Rc7 a5 32. Rc6 Rb4
33. Kg2 a4 34. Rc3 axb3 35. axb3 Kf6 36. Kf3 Kf5 37. h3 h5 38. Ke3 Re4+ 39. Kf3
Rb4 40. Ke3 f6 41. Kf3 e4+ 42. Ke3 Ke5 43. g4 hxg4 44. hxg4 f5 45. gxf5 gxf5
46. Ke2 f4 47. Rh3 Kd4 48. Rh4 f3+ 49. Kf2 Rxb3 50. Rh8 Rb2+ 51. Kg3 Ke3 52.
Re8 Rg2+ 53. Kh3 Rg6 54. Rf8 f2 55. Rf7 Ke2 0-1

[Event "Leibniz - Hettstedt"]
[Site "Internet Schulschachpokal"]
[Date "2004.01.23"]
[Round "3"]
[White "HeleneFan (Christoph Wolf)"]
[Black "Psychomania (Martin Schalk)"]
[Result "1-0"]
[WhiteElo "1849"]
[BlackElo "1937"]
[PlyCount "127"]
[EventDate "2003.11.19"]

1. e4 c5 2. c3 d5 3. exd5 Qxd5 4. Nf3 e6 5. Na3 a6 6. Nc4 Nd7 7. a4 b6 8. Be2
Bb7 9. O-O Ngf6 10. d3 Qc6 11. Ne1 Qc7 12. g3 Be7 13. Bf4 e5 14. Bg5 O-O 15.
Bf3 Bxf3 16. Nxf3 h6 17. Bxf6 Bxf6 18. Qe2 Rfe8 19. Rfe1 Re7 20. Nfd2 Rae8 21.
Ne4 Re6 22. Qc2 Be7 23. Re2 f5 24. Ned2 Qc6 25. Rae1 Bg5 26. Nf1 b5 27. axb5
axb5 28. Na5 Qb6 29. Nb3 Qc6 30. h4 Bd8 31. Ne3 f4 32. Ng4 fxg3 33. fxg3 Qf3
34. Ne3 Rg6 35. Rg2 Rxg3 36. Rxg3 Qxg3+ 37. Ng2 Bxh4 38. Rf1 Bf6 39. Qe2 Kh8
40. Nd2 c4 41. dxc4 bxc4 42. Nxc4 Nc5 43. Nd6 Rd8 44. Nf7+ Kh7 45. Nxd8 Bxd8
46. Qe3 Qxe3+ 47. Nxe3 Bg5 48. Nd5 e4 49. Re1 Nd3 50. Rxe4 Nxb2 51. Rb4 Nd3 52.
Rb7 Kg6 53. c4 Ne5 54. c5 Nc6 55. Rb6 Kf5 56. Rxc6 Ke5 57. Nb6 Be3+ 58. Kg2 h5
59. Rg6 Bxc5 60. Nd7+ Kd4 61. Nxc5 Kxc5 62. Rxg7 Kd4 63. Rh7 Ke4 64. Rxh5 1-0

[Event "Leibniz - Hettstedt"]
[Site "Internet Schulschachpokal"]
[Date "2004.01.23"]
[Round "4"]
[White "cookie (Sandra Krege)"]
[Black "heinzelmännchen (Alexander Hildebrand)"]
[Result "0-1"]
[WhiteElo "2008"]
[BlackElo "1278"]
[PlyCount "82"]
[EventDate "2003.11.19"]

1. e4 c5 2. Nf3 Nc6 3. d4 cxd4 4. Nxd4 Nf6 5. Nc3 e5 6. Ndb5 d6 7. Bg5 a6 8.
Na3 b5 9. Nd5 Qa5+ 10. b4 Qxa3 11. Nc7+ Kd7 12. Nxa8 Qxb4+ 13. Bd2 Qxe4+ 14.
Be2 Bb7 15. Nb6+ Kc7 16. Be3 Nd4 17. Rc1 Qxg2 18. Rf1 Nf5 19. Qd3 Nxe3 20. fxe3
Kxb6 21. c4 d5 22. cxb5 Bb4+ 23. Kd1 Qe4 24. Qxe4 dxe4 25. bxa6 Rd8+ 26. Kc2
Bxa6 27. Bxa6 Kxa6 28. Kb3 Ba5 29. Rc5 Rd3+ 30. Ka4 Bb6 31. Rc6 Kb7 32. Rfc1
Rxe3 33. Kb5 Nd5 34. Rd6 Nc7+ 35. Kb4 Rd3 36. Rdc6 Rd4+ 37. Ka3 e3 38. R6c2
Rd3+ 39. Kb4 Nd5+ 40. Kc4 Rd4+ 41. Kb5 Rb4# 0-1

[Event "Leibniz - Hettstedt"]
[Site "Internet Schulschachpokal"]
[Date "2004.01.23"]
[Round "4"]
[White "Mabi (Martin Bilsing)"]
[Black "HeleneFan (Christoph Wolf)"]
[Result "1-0"]
[WhiteElo "1762"]
[BlackElo "1871"]
[PlyCount "149"]
[EventDate "2003.11.19"]

1. e4 c5 2. Nf3 Nc6 3. d4 cxd4 4. Nxd4 g6 5. Nc3 Bg7 6. Be3 Nf6 7. Be2 O-O 8.
O-O d5 9. exd5 Nxd5 10. Nxd5 Qxd5 11. Bf3 Qd7 12. Nxc6 bxc6 13. c3 Qc7 14. Qc2
Bf5 15. Qa4 Rfc8 16. Rad1 Be5 17. h3 Bd6 18. Bh6 a5 19. Rfe1 Be5 20. Re2 Bf6
21. Bf4 Qb6 22. Be3 Qc7 23. Red2 Rab8 24. Bf4 Be5 25. Bxe5 Qxe5 26. Bxc6 Qc5
27. Bf3 Qc7 28. Bg4 Bxg4 29. Qxg4 Rd8 30. Qe2 Rxd2 31. Qxd2 a4 32. Qc2 Qa7 33.
Rd4 a3 34. b3 Rc8 35. Ra4 Qc7 36. c4 Qd6 37. Qc1 Qe5 38. Rxa3 Qe2 39. Ra7 Rd8
40. Qe3 Qd1+ 41. Kh2 Qd6+ 42. Qg3 Qc5 43. Rc7 Qa5 44. a4 Qb4 45. Qe5 e6 46. Qg3
Qf8 47. a5 Ra8 48. Qe5 Qd8 49. Rc6 Qd7 50. Rd6 Qa7 51. b4 Qxf2 52. Qd4 Qa2 53.
Rd8+ Rxd8 54. Qxd8+ Kg7 55. Qd4+ Kg8 56. c5 Qa4 57. Qd8+ Kg7 58. Qb8 Qc6 59.
Qd6 Qb5 60. c6 e5 61. c7 Qc4 62. Qxe5+ Kg8 63. Qe8+ Kg7 64. c8=Q Qf4+ 65. Kg1
Qd4+ 66. Kf1 Qd1+ 67. Qe1 Qd3+ 68. Kg1 Qd4+ 69. Kh2 Qf4+ 70. Qg3 Qxb4 71. Qgc3+
Qxc3 72. Qxc3+ Kg8 73. a6 h5 74. a7 h4 75. a8=Q+ 1-0

[Event "Leibniz - Hettstedt"]
[Site "Internet Schulschachpokal"]
[Date "2004.01.23"]
[Round "4"]
[White "fmschach (Falk Matiebe)"]
[Black "aikidomisca50 (Mischa Panchenko)"]
[Result "0-1"]
[WhiteElo "1695"]
[BlackElo "1212"]
[PlyCount "164"]
[EventDate "2003.11.19"]

1. e4 d6 2. d4 Nf6 3. Nc3 e5 4. Be3 exd4 5. Bxd4 Nc6 6. Bb5 Bd7 7. Be3 Be7 8.
Nf3 Ng4 9. Qe2 Nxe3 10. Qxe3 O-O 11. O-O a6 12. Bd3 Bf6 13. Qd2 Bg4 14. Be2 Re8
15. h3 Bxf3 16. Bxf3 Bxc3 17. Qxc3 Ne5 18. Rae1 Qf6 19. Be2 Qe7 20. Bd3 Nxd3
21. cxd3 c5 22. Rc1 b6 23. b3 Qe5 24. Qxe5 dxe5 25. f4 exf4 26. Rxf4 Red8 27.
Rd1 Rd4 28. Kf2 Rad8 29. Ke2 f6 30. Rf5 Kf7 31. Rf2 Ke6 32. Ke3 g6 33. Rfd2 Ke5
34. Kf3 R8d7 35. g4 f5 36. gxf5 gxf5 37. exf5 Kxf5 38. Kg3 Rg7+ 39. Kh2 Rgd7
40. Rf1+ Ke5 41. Re1+ Kd5 42. Red1 Kc6 43. Kg3 Kb5 44. a3 a5 45. Kf3 a4 46.
bxa4+ Kxa4 47. Ke3 Re7+ 48. Kf2 Rf7+ 49. Ke3 Re7+ 50. Kf3 Kb5 51. Rb2+ Kc6 52.
Rbd2 Ra7 53. Re2 Rxa3 54. Re6+ Rd6 55. Rxd6+ Kxd6 56. Ke3 Kd5 57. Kd2 Kd4 58.
Rb1 Ra2+ 59. Ke1 Kxd3 60. Rxb6 c4 61. Rd6+ Kc3 62. Kd1 Ra1+ 63. Ke2 Rh1 64. Rh6
Rh2+ 65. Ke3 Kc2 66. Rxh7 c3 67. h4 Rh3+ 68. Kd4 Kd2 69. h5 c2 70. Rc7 c1=Q 71.
Rxc1 Kxc1 72. Ke5 Rxh5+ 73. Kf6 Rh2 74. Kg5 Kd2 75. Kg4 Re2 76. Kf4 Kd3 77. Kf3
Re4 78. Kf2 Rf4+ 79. Kg3 Ke3 80. Kg2 Rg4+ 81. Kf1 Rg3 82. Ke1 Rg1# 0-1

[Event "Leibniz - Hettstedt"]
[Site "Internet Schulschachpokal"]
[Date "2004.01.23"]
[Round "4"]
[White "Psychomania (Martin Schalk)"]
[Black "debodo (Dennes Abel)"]
[Result "0-1"]
[WhiteElo "1914"]
[BlackElo "1920"]
[PlyCount "194"]
[EventDate "2003.11.19"]

1. e4 c5 2. Nf3 Nc6 3. d4 cxd4 4. Nxd4 Nf6 5. Nc3 e6 6. Ndb5 Bb4 7. a3 Bxc3+ 8.
Nxc3 d5 9. exd5 exd5 10. Bg5 d4 11. Qe2+ Be6 12. Ne4 Qa5+ 13. Bd2 Qe5 14. Nxf6+
Qxf6 15. Qb5 O-O 16. Be2 Rab8 17. O-O a6 18. Qc5 Rbc8 19. Bg5 Qg6 20. Bd3 f5
21. Bf4 Rfd8 22. Bc4 Bxc4 23. Qxc4+ Qf7 24. Qd3 Re8 25. Rfe1 g6 26. Kf1 Rxe1+
27. Rxe1 Re8 28. Rxe8+ Qxe8 29. Qe2 Qxe2+ 30. Kxe2 Kf7 31. Kd3 Ke6 32. Bc7 Kd5
33. f4 Na7 34. Bb6 Nc6 35. b3 h6 36. g3 g5 37. h3 gxf4 38. gxf4 h5 39. b4 Ne7
40. Bxd4 Ng6 41. c4+ Kc6 42. Be3 Nh4 43. Bf2 Ng6 44. Be3 Nh4 45. Bd4 Ng6 46.
Be5 b5 47. cxb5+ axb5 48. Kd4 Nh4 49. Kc3 Kd5 50. Kb3 Nf3 51. Bc7 Ng1 52. h4
Nf3 53. Bd8 Nd4+ 54. Kc3 Ne2+ 55. Kb3 Nxf4 56. a4 Ne6 57. Bb6 bxa4+ 58. Kxa4 f4
59. Kb3 f3 60. Kc3 Nf4 61. Bf2 Nh3 62. Bg3 f2 63. Bxf2 Nxf2 64. Kd2 Ne4+ 65.
Ke3 Ke5 66. b5 Nd6 67. b6 Kf5 68. Kf3 Nb7 69. Kg3 Ke4 70. Kf2 Kf4 71. Ke2 Kg4
72. Kd3 Kxh4 73. Kc4 Kg3 74. Kb5 h4 75. Kc6 Na5+ 76. Kb5 Nb7 77. Kc6 h3 78.
Kxb7 h2 79. Ka7 h1=Q 80. b7 Qa1+ 81. Kb6 Qd4+ 82. Kc7 Qc5+ 83. Kd7 Qb6 84. Kc8
Qc6+ 85. Kb8 Kf4 86. Ka7 Qc5+ 87. Ka6 Qc7 88. Ka7 Qa5+ 89. Kb8 Ke5 90. Kc8 Qc5+
91. Kd7 Qb6 92. Kc8 Qc6+ 93. Kb8 Kd6 94. Ka7 Qc7 95. Ka8 Qa5+ 96. Kb8 Kc6 97.
Kc8 Qc7# 0-1